Season 12 SNL Hosts by Picture - Statistics

General Stats
  • This quiz has been taken 36 times
  • The average score is 14 of 23
Answer Stats
Picture Answer % Correct
Steve Martin
100%
Bill Murray
97%
Chevy Chase
97%
Robin Williams
97%
Willie Nelson
89%
John Lithgow
83%
Sigourney Weaver
83%
William Shatner
80%
Garry Shandling
71%
Martin Short
71%
Joe Montana
60%
Charlton Heston
57%
Walter Payton
57%
Dennis Hopper
54%
John Larroquette
54%
Sam Kinison
54%
Steve Guttenberg
54%
Malcolm-Jamal Warner
40%
Rosanna Arquette
40%
Mark Harmon
37%
Paul Shaffer
31%
Valerie Bertenelli
23%
Bronson Pinchott
9%
No matching quizzes found
Score Distribution
Percent of People with Each Score
Percentile by Number Answered
Your Score History
You have not taken this quiz